[Event "L Festival B"]
[Site "Imperia ITA"]
[Date "2008.09.06"]
[Round "8"]
[White "Cornaggia, Ranieri"]
[Black "Palka, Miroslav"]
[WhiteElo "1788"]
[BlackElo "2038"]
[Result "1-0"]
[PlyCount "77"]
[EventDate "2008.08.31"]

1. e4 c5 2. Nf3 d6 3. d4 cxd4 4. Nxd4 Nf6 5. Nc3 g6 6. Be3 Bg7 7. f3 O-O 8. Qd2
Nc6 9. Bc4 Ne5 10. Bb3 Bd7 11. O-O-O Qa5 12. h4 Rfc8 13. Kb1 Nc4 14. Bxc4 Rxc4
15. h5 Rac8 16. Nb3 Qa6 17. hxg6 hxg6 18. Bd4 b5 19. Bxf6 exf6 20. Qxd6 Qxd6
21. Rxd6 Be6 22. Rd2 a6 23. Nd5 Bxd5 24. exd5 f5 25. d6 Bf6 26. Na5 Rb4 27. d7
Rxb2+ 28. Kc1 Rf8 29. d8=Q Bxd8 30. Rxd8 Rxa2 31. Rxf8+ Kxf8 32. Nb3 b4 33. Kb1
Ra3 34. Kb2 a5 35. Ra1 Rxa1 36. Kxa1 a4 37. Nc5 b3 38. c4 Ke7 39. Nxa4 1-0

[Event "C.to Europeo U10 femminile"]
[Site "Herceg Novi MNE"]
[Date "2008.09.17"]
[Round "3"]
[White "Rakic, Teodora"]
[Black "Paolillo, Gaia"]
[Result "1-0"]
[WhiteElo "1833"]
[BlackElo "1449"]
[PlyCount "115"]
[EventDate "2008.09.15"]

1. d4 d5 2. c4 e6 3. Nc3 Nf6 4. Bg5 Be7 5. e3 Nc6 6. cxd5 exd5 7. Nf3 Be6 8.
Bb5 h6 9. Bh4 a6 10. Ba4 Bg4 11. h3 Bh5 12. Bb3 Bb4 13. O-O g5 14. Bg3 g4 15.
hxg4 Bxg4 16. Bh4 Bxc3 17. bxc3 Qd6 18. Bxf6 Qxf6 19. Bxd5 h5 20. Bc4 h4 21.
Be2 h3 22. g3 Bxf3 23. Bxf3 b6 24. Bg4 Rd8 25. Qf3 Qg6 26. Qf5 Qh6 27. Qe4+ Kf8
28. Kh2 Re8 29. Qf4 Qg6 30. Bf5 Qh5 31. Bd7 Ne7 32. Bxe8 Kxe8 33. Qe5 Qxe5 34.
dxe5 Nc6 35. f4 Ne7 36. g4 Nd5 37. Rf3 Nxc3 38. Rxh3 Rxh3+ 39. Kxh3 Nd5 40. Rc1
Kd7 41. Rd1 Ke6 42. Re1 Nb4 43. Re2 Kd5 44. a3 Nc6 45. Kg3 Ke4 46. Rc2 Ne7 47.
Rxc7 Ng6 48. Rxf7 Kxe3 49. e6 a5 50. f5 b5 51. fxg6 b4 52. g7 bxa3 53. g8=Q a2
54. Qg5+ Kd3 55. Rf3+ Kc2 56. Qc5+ Kb2 57. Qc3+ Kb1 58. Rf1# 1-0

[Event "C.to Europeo U12"]
[Site "Herceg Novi MNE"]
[Date "2008.09.16"]
[Round "2"]
[White "Chigaev, Maksim"]
[Black "Stella, Luca"]
[Result "1-0"]
[WhiteElo "2111"]
[BlackElo "1894"]
[PlyCount "53"]
[EventDate "2008.09.15"]

1. e4 c5 2. Nf3 d6 3. d4 cxd4 4. Nxd4 Nf6 5. Nc3 g6 6. Be3 Bg7 7. f3 Nc6 8. Qd2
O-O 9. Bc4 Bd7 10. Bb3 Rc8 11. O-O-O Ne5 12. h4 Nc4 13. Bxc4 Rxc4 14. h5 Qa5
15. Nb3 Qa6 16. hxg6 fxg6 17. Bh6 Bxh6 18. Qxh6 Rf7 19. Kb1 b5 20. Rhe1 b4 21.
Nd5 Nxd5 22. Rxd5 Qb6 23. Qd2 Be6 24. Rd4 Rf8 25. Rd3 Qc7 26. Nd4 Bf7 27. Qh6
1-0

[Event "C.to Europeo U12"]
[Site "Herceg Novi MNE"]
[Date "2008.09.18"]
[Round "4"]
[White "Codenotti, Marco"]
[Black "Pavelek, Tomas"]
[Result "1-0"]
[WhiteElo "2055"]
[BlackElo "1907"]
[PlyCount "29"]
[EventDate "2008.09.15"]

1. e4 c5 2. Nf3 e6 3. d4 cxd4 4. Nxd4 a6 5. Bd3 Bc5 6. Nb3 Ba7 7. Nc3 b5 8. Qg4
Nf6 9. Qg3 d6 10. Bg5 Nbd7 11. O-O-O Ne5 12. Bxb5+ axb5 13. Nxb5 Nxe4 14. Nxd6+
Qxd6 15. Rxd6 1-0

[Event "C.to Europeo U12"]
[Site "Herceg Novi MNE"]
[Date "2008.09.18"]
[Round "4"]
[White "Stella, Luca"]
[Black "Lugovskoy, Maxim"]
[Result "1-0"]
[WhiteElo "1894"]
[BlackElo "2024"]
[PlyCount "55"]
[EventDate "2008.09.15"]

1. e4 c6 2. Nc3 d5 3. Nf3 Bg4 4. h3 Bxf3 5. Qxf3 e6 6. d3 Nf6 7. Qg3 dxe4 8.
dxe4 Nbd7 9. e5 Nd5 10. Nxd5 cxd5 11. Bd3 Qc7 12. Bf4 g6 13. O-O Bg7 14. Rfe1
O-O 15. c3 Rac8 16. Rad1 a6 17. h4 h5 18. Qh2 b5 19. g4 hxg4 20. h5 gxh5 21.
Qxh5 f5 22. exf6 Nxf6 23. Bh7+ Kh8 24. Qh2 Qa7 25. Bf5+ Kg8 26. Bxe6+ Rf7 27.
Bxc8 Ne4 28. Be6 1-0

[Event "C.to Europeo U12"]
[Site "Herceg Novi MNE"]
[Date "2008.09.19"]
[Round "5"]
[White "Santos Latasa, Jaime"]
[Black "Stella, Luca"]
[Result "1-0"]
[WhiteElo "2052"]
[BlackElo "1894"]
[PlyCount "73"]
[EventDate "2008.09.15"]

1. d4 Nf6 2. c4 e6 3. g3 d5 4. Bg2 c6 5. Nf3 Be7 6. O-O O-O 7. Qc2 Nbd7 8. Nbd2
Re8 9. e4 Nf8 10. e5 N6d7 11. c5 b6 12. cxb6 Qxb6 13. Nb3 a5 14. Be3 a4 15. Nc5
Bxc5 16. dxc5 Qc7 17. Bd4 Ng6 18. Rfe1 Bb7 19. h4 Ne7 20. Bh3 Bc8 21. h5 Ra5
22. Ng5 Nf8 23. h6 gxh6 24. Nf3 Kg7 25. Qd2 Nfg6 26. Be3 Ng8 27. Qc3 Ra7 28.
Nd4 Bd7 29. f4 Qa5 30. Qd3 N8e7 31. g4 Qa6 32. Qd2 Qa5 33. Qh2 Qc7 34. f5 exf5
35. gxf5 Nxe5 36. Bf4 f6 37. Rxe5 1-0

[Event "C.to Europeo U12"]
[Site "Herceg Novi MNE"]
[Date "2008.09.19"]
[Round "5"]
[White "Vucinic, Gojko"]
[Black "Codenotti, Marco"]
[Result "1/2-1/2"]
[WhiteElo "1889"]
[BlackElo "2055"]
[PlyCount "82"]
[EventDate "2008.09.15"]

1. e4 c5 2. Nf3 d6 3. d4 cxd4 4. Nxd4 Nf6 5. Nc3 a6 6. Bg5 e6 7. f4 Qb6 8. Nb3
Be7 9. Qf3 Nc6 10. O-O-O Qc7 11. a3 b5 12. Bd3 Bb7 13. Bxb5 axb5 14. Nxb5 Qb8
15. Bxf6 gxf6 16. Qc3 Ra4 17. Rhe1 Na7 18. Nc7+ Kf8 19. e5 d5 20. exf6 Bd6 21.
Nc5 Qxc7 22. Nxa4 Bxf4+ 23. Kb1 Qxc3 24. Nxc3 Kg8 25. g3 Bg5 26. Ne4 Nc6 27.
Nd6 Ba6 28. Rxd5 Bxf6 29. Rc5 Nd4 30. Ra5 Nf3 31. Re3 Nd2+ 32. Ka2 Nc4 33. Nxc4
Bxc4+ 34. b3 Bd5 35. c4 Bd4 36. Rd3 Bb6 37. Rb5 Be4 38. Rd1 Bf2 39. Rb8+ Kg7
40. Rxh8 Kxh8 41. b4 e5 1/2-1/2

[Event "C.to Europeo U12"]
[Site "Herceg Novi MNE"]
[Date "2008.09.21"]
[Round "6"]
[White "Mladenovic, Aleksandar"]
[Black "Boscolo, Federico"]
[Result "0-1"]
[WhiteElo "1619"]
[BlackElo "1950"]
[PlyCount "60"]
[EventDate "2008.09.15"]

1. d4 d5 2. c4 e6 3. Nc3 Be7 4. Nf3 Nf6 5. Bg5 O-O 6. cxd5 exd5 7. e3 c6 8. Bd3
Nbd7 9. O-O Ne4 10. Bxe7 Qxe7 11. Bxe4 dxe4 12. Nd2 f5 13. Qe2 Rf6 14. f3 exf3
15. gxf3 Rh6 16. Rf2 Nf6 17. Nc4 Nh5 18. Ne5 Be6 19. Rg2 Rd8 20. Rd1 f4 21. e4
Bh3 22. Rf2 Qg5+ 23. Kh1 Ng3+ 24. hxg3 Bf1+ 25. Rh2 Bxe2 26. Rg1 Rxh2+ 27. Kxh2
fxg3+ 28. Rxg3 Qh4+ 29. Kg2 Bf1+ 30. Kf2 Qh2+ 0-1

[Event "C.to Europeo U12"]
[Site "Herceg Novi MNE"]
[Date "2008.09.22"]
[Round "7"]
[White "Stella, Luca"]
[Black "Ignat, Ilie"]
[Result "1-0"]
[WhiteElo "1894"]
[BlackElo "1557"]
[PlyCount "34"]
[EventDate "2008.09.15"]

1. e4 c6 2. Nc3 d5 3. Nf3 Bg4 4. h3 Bxf3 5. Qxf3 d4 6. Nb1 Qd6 7. d3 Nd7 8. g3
e5 9. Bg2 Qc7 10. O-O Bd6 11. Nd2 Ne7 12. c3 c5 13. cxd4 cxd4 14. Nc4 Bc5 15.
Bd2 h5 16. Na5 Bb6 17. Rac1 Qd8 1-0

[Event "C.to Europeo U12"]
[Site "Herceg Novi MNE"]
[Date "2008.09.23"]
[Round "8"]
[White "Ladva, Ottomar"]
[Black "Boscolo, Federico"]
[Result "1-0"]
[WhiteElo "1806"]
[BlackElo "1950"]
[PlyCount "61"]
[EventDate "2008.09.15"]

1. e4 e5 2. Nf3 Nf6 3. Nxe5 d6 4. Nf3 Nxe4 5. d4 d5 6. Bd3 Bd6 7. O-O O-O 8. c4
c6 9. cxd5 cxd5 10. Nc3 Nxc3 11. bxc3 Bg4 12. Rb1 b6 13. Rb5 Be6 14. Ng5 h6 15.
Nxe6 fxe6 16. Qg4 Qf6 17. f4 Nc6 18. f5 e5 19. Rxd5 exd4 20. cxd4 Rad8 21. Bc4
Kh8 22. h4 Bh2+ 23. Kxh2 Rxd5 24. Bxd5 Qd6+ 25. Kh1 Qxd5 26. f6 Rf7 27. Qg6 Kg8
28. Bxh6 Qxd4 29. Qxf7+ Kxf7 30. fxg7+ Ke7 31. Bg5+ 1-0

[Event "C.to Europeo U12"]
[Site "Herceg Novi MNE"]
[Date "2008.09.24"]
[Round "9"]
[White "Eltigani, Omar"]
[Black "Codenotti, Marco"]
[Result "1-0"]
[WhiteElo "2012"]
[BlackElo "2055"]
[PlyCount "47"]
[EventDate "2008.09.15"]

1. d4 Nf6 2. c4 g6 3. Nc3 Bg7 4. e4 d6 5. Be2 O-O 6. Nf3 e5 7. d5 a5 8. Bg5 h6
9. Bh4 Na6 10. Nd2 Qe8 11. Rb1 Bd7 12. b3 Nh7 13. f3 h5 14. a3 Bh6 15. Bf2 Qe7
16. b4 axb4 17. axb4 Qg5 18. Nf1 Qe7 19. h4 f5 20. c5 dxc5 21. Bxa6 cxb4 22.
Bxb7 Rab8 23. d6 cxd6 24. Bd5+ 1-0

[Event "C.to Europeo U12"]
[Site "Herceg Novi MNE"]
[Date "2008.09.24"]
[Round "9"]
[White "Stella, Luca"]
[Black "Samdanov, Samdan"]
[Result "1/2-1/2"]
[WhiteElo "1894"]
[BlackElo "1718"]
[PlyCount "42"]
[EventDate "2008.09.15"]

1. e4 c6 2. Nc3 g6 3. Bc4 Bg7 4. d4 d5 5. exd5 b5 6. Bd3 b4 7. Nce2 cxd5 8. h3
Nf6 9. Be3 O-O 10. Qd2 a5 11. g4 Nc6 12. f4 Ba6 13. Ng3 Bxd3 14. Qxd3 Rc8 15.
Nf3 Qc7 16. O-O Nd7 17. Kg2 Nb6 18. Rae1 Nc4 19. Bc1 Qa7 20. Rd1 Rc7 21. f5
Rfc8 1/2-1/2

[Event "C.to Europeo U12 femminile"]
[Site "Herceg Novi MNE"]
[Date "2008.09.15"]
[Round "1"]
[White "De Somma, Annarita"]
[Black "Stoeri, Laura"]
[Result "0-1"]
[WhiteElo "1458"]
[BlackElo "1811"]
[PlyCount "120"]
[EventDate "2008.09.15"]

1. d4 Nf6 2. c4 c5 3. Nf3 g6 4. Nc3 Bg7 5. dxc5 O-O 6. g3 Na6 7. Bg2 Nxc5 8.
O-O d6 9. Re1 Be6 10. Nd2 Rb8 11. Rb1 Qb6 12. b3 Ng4 13. Nd5 Bxd5 14. Bxd5 Nxf2
15. Qc2 Ncd3 16. Rf1 Ng4+ 17. c5 Bd4+ 18. Kh1 Ndf2+ 19. Rxf2 Nxf2+ 20. Kg2 Bxc5
21. Nc4 Qd8 22. Bh6 Qd7 23. Be3 Bxe3 24. Nxe3 Ng4 25. Nxg4 Qxg4 26. Rf1 Qd4 27.
Rd1 Rfc8 28. Qb1 Qe5 29. e4 Qc3 30. Bc4 b5 31. Rd3 Qa5 32. Rd5 Qc7 33. Bd3 a6
34. Qd1 Qc1 35. Qf3 Qb2+ 36. Be2 Rc2 37. Kf2 Qxa2 38. Rd3 Qa5 39. Re3 Qb6 40.
h4 Rc3 41. g4 Qxe3+ 42. Qxe3 Rxe3 43. Kxe3 Rc8 44. Kd2 Kg7 45. Kd1 Rc3 46. b4
Rb3 47. Kc2 Rxb4 48. Bd3 Kf6 49. Kc3 a5 50. Bc2 Ke5 51. h5 Rxe4 52. hxg6 hxg6
53. Bxe4 Kxe4 54. Kb3 d5 55. Kc3 d4+ 56. Kb3 Ke3 57. Kc2 d3+ 58. Kc3 Ke2 59. g5
d2 60. Kc2 d1=Q+ 0-1

[Event "C.to Europeo U14 femminile"]
[Site "Herceg Novi MNE"]
[Date "2008.09.16"]
[Round "2"]
[White "Pavei, Deborah"]
[Black "Klek, Hanna-Marie"]
[Result "0-1"]
[WhiteElo "1497"]
[BlackElo "1964"]
[PlyCount "56"]
[EventDate "2008.09.15"]

1. c4 e5 2. b3 Nc6 3. Bb2 d6 4. e3 Nf6 5. Be2 g6 6. d3 Bg7 7. Nf3 O-O 8. O-O
Nd7 9. Nbd2 f5 10. a3 Qe7 11. Qc2 Nd8 12. Nb1 Ne6 13. Nc3 c6 14. Rad1 g5 15.
Nd2 Rf6 16. Rfe1 Rh6 17. Nf1 g4 18. d4 exd4 19. exd4 Qf7 20. Na2 Ng5 21. d5 Ne5
22. Nb4 f4 23. Nd3 f3 24. Nxe5 Bxe5 25. Bxe5 dxe5 26. Bd3 fxg2 27. Kxg2 Qf3+
28. Kg1 Nh3# 0-1

[Event "C.to Europeo U14 femminile"]
[Site "Herceg Novi MNE"]
[Date "2008.09.17"]
[Round "3"]
[White "Vujnovic, Patricija"]
[Black "Pavei, Deborah"]
[Result "1-0"]
[WhiteElo "1837"]
[BlackElo "1497"]
[PlyCount "79"]
[EventDate "2008.09.15"]

1. d4 e6 2. Nf3 c5 3. e3 cxd4 4. exd4 d5 5. c3 Nf6 6. Bf4 Nc6 7. Bb5 Be7 8. Ne5
Qb6 9. Qb3 Bd7 10. Bxc6 Bxc6 11. Qxb6 axb6 12. Nd2 b5 13. Nd3 O-O 14. O-O Nd7
15. Rfe1 Rfe8 16. h3 h6 17. a3 Nb6 18. Rab1 Nc4 19. Re2 Rac8 20. Ne5 Bf8 21.
Ndf3 g5 22. Bd2 Bg7 23. Nd3 Rc7 24. Rbe1 Rce7 25. h4 g4 26. Nh2 h5 27. Bc1 f6
28. Nf4 Kf7 29. Nxh5 e5 30. Nxg7 Kxg7 31. Nxg4 e4 32. b3 Nd6 33. g3 f5 34. Ne5
Nf7 35. Nxc6 bxc6 36. Kg2 Nh6 37. f3 Kg6 38. fxe4 fxe4 39. Rf1 Nf5 40. h5+ 1-0

[Event "C.to Europeo U14 femminile"]
[Site "Herceg Novi MNE"]
[Date "2008.09.18"]
[Round "4"]
[White "Pavei, Deborah"]
[Black "Dalemans, Diana"]
[Result "1/2-1/2"]
[WhiteElo "1497"]
[BlackElo "1802"]
[PlyCount "85"]
[EventDate "2008.09.15"]

1. c4 Nf6 2. Nc3 d5 3. cxd5 Nxd5 4. g3 c5 5. Bg2 Nc7 6. b3 e5 7. Bb2 Be7 8. Nf3
Nc6 9. e3 O-O 10. O-O Bg4 11. a3 f5 12. Qc2 f4 13. Na4 Qd6 14. Ne1 Be2 15. Be4
Bxf1 16. Kxf1 Qh6 17. Nf3 fxg3 18. hxg3 b6 19. Nxe5 Nxe5 20. Bxe5 Bd6 21. d4
Bxe5 22. dxe5 Rad8 23. Kg2 g6 24. f4 Qg7 25. g4 Qd7 26. Kg3 h5 27. gxh5 gxh5
28. Bf3 Kh8 29. Bxh5 Rg8+ 30. Bg6 Qh7 31. f5 Nd5 32. Qe4 Nxe3 33. Rh1 Nxf5+ 34.
Kf4 Rxg6 35. Rxh7+ Kxh7 36. Qb7+ Rg7 37. Qh1+ Nh6 38. e6 Rg4+ 39. Ke5 Rg5+ 40.
Kf6 Rf5+ 41. Ke7 Rff8 42. Nc3 Kg6 43. Qg2+ 1/2-1/2

[Event "C.to Europeo U14 femminile"]
[Site "Herceg Novi MNE"]
[Date "2008.09.19"]
[Round "5"]
[White "Iwanow, Anna"]
[Black "Pavei, Deborah"]
[Result "1-0"]
[WhiteElo "1979"]
[BlackElo "1497"]
[PlyCount "69"]
[EventDate "2008.09.15"]

1. e4 c5 2. Nf3 d6 3. d4 cxd4 4. Nxd4 Nf6 5. Nc3 Nc6 6. Bg5 e6 7. Qd2 a6 8.
O-O-O Be7 9. f3 Bd7 10. h4 Rc8 11. g4 b5 12. Nxc6 Rxc6 13. Kb1 b4 14. Ne2 a5
15. Nd4 Rc5 16. Be3 Rc8 17. h5 e5 18. Nb5 Bxb5 19. Bxb5+ Nd7 20. g5 Kf8 21. Ba6
Ra8 22. Bc4 Rc8 23. Qd5 Qe8 24. g6 f6 25. gxh7 Rxc4 26. Qxc4 Rxh7 27. Qc7 a4
28. Qb7 a3 29. b3 Nb8 30. h6 Nd7 31. hxg7+ Kxg7 32. Rdg1+ Kh8 33. Rxh7+ Kxh7
34. Qxb4 d5 35. Qd2 1-0

[Event "C.to Europeo U14 femminile"]
[Site "Herceg Novi MNE"]
[Date "2008.09.23"]
[Round "8"]
[White "Pavei, Deborah"]
[Black "Bejatovic, Bojana"]
[Result "0-1"]
[WhiteElo "1497"]
[BlackElo "1777"]
[PlyCount "78"]
[EventDate "2008.09.15"]

1. c4 f5 2. Nc3 Nf6 3. Nf3 g6 4. b3 Bg7 5. Bb2 O-O 6. g3 d6 7. d4 c6 8. Bg2 Qe8
9. O-O a5 10. e3 Na6 11. a3 e5 12. d5 Qe7 13. Ne1 Bd7 14. Rb1 Nc5 15. b4 Nce4
16. Nxe4 Nxe4 17. f3 Nf6 18. e4 f4 19. g4 h6 20. h3 Nh7 21. Qd2 a4 22. Nd3 Qh4
23. Qf2 Qd8 24. Bc3 Bf6 25. Be1 h5 26. Kh1 hxg4 27. hxg4 Kg7 28. Kh2 Rh8 29.
Rh1 Bh4 30. Qe2 Bg3+ 31. Bxg3 Ng5+ 32. Kg1 fxg3 33. Qe1 Rxh1+ 34. Bxh1 Nh3+ 35.
Kf1 Qh4 36. Bg2 Rf8 37. Ke2 cxd5 38. cxd5 Bb5 39. Qd2 Nf4+ 0-1

[Event "C.to Europeo U18"]
[Site "Herceg Novi MNE"]
[Date "2008.09.17"]
[Round "3"]
[White "Dvirnyy, Danyyil"]
[Black "Pereira Nunes, Ruben Miguel"]
[Result "1-0"]
[WhiteElo "2358"]
[BlackElo "2418"]
[PlyCount "88"]
[EventDate "2008.09.15"]

1. e4 c5 2. Nf3 d6 3. d4 Nf6 4. Nc3 cxd4 5. Nxd4 a6 6. Bg5 e6 7. Bc4 b5 8. Bb3
Be7 9. Qf3 Qb6 10. O-O-O O-O 11. Be3 Qb7 12. g4 b4 13. g5 Nfd7 14. Nd5 Bd8 15.
Rhg1 Ne5 16. Qh5 Nbd7 17. f4 Nc5 18. fxe5 Nxb3+ 19. Nxb3 exd5 20. exd6 Bb6 21.
Bxb6 Qxb6 22. g6 hxg6 23. Qxd5 Be6 24. Qd4 Qc6 25. Rg5 Rfd8 26. h4 Rac8 27. Rd2
a5 28. Rxa5 Qb7 29. Nc5 Rxc5 30. Rxc5 Qa6 31. Qxb4 Qf1+ 32. Rd1 Qf4+ 33. Kb1
Bg4 34. Rc1 Qxd6 35. Rb5 Qf4 36. b3 Kh7 37. a4 Re8 38. e5 Qf3 39. Rb8 Rxe5 40.
Qf8 g5 41. hxg5 Rxg5 42. Qh8+ Kg6 43. Rb6+ f6 44. Rh1 Bf5 1-0

[Event "C.to Europeo U18"]
[Site "Herceg Novi MNE"]
[Date "2008.09.18"]
[Round "4"]
[White "Rozum, Ivan"]
[Black "Dvirnyy, Danyyil"]
[Result "1-0"]
[WhiteElo "2444"]
[BlackElo "2358"]
[PlyCount "57"]
[EventDate "2008.09.15"]

1. d4 Nf6 2. c4 g6 3. Nc3 Bg7 4. e4 O-O 5. f4 d6 6. Nf3 c5 7. dxc5 Qa5 8. Bd3
Qxc5 9. Qe2 Nc6 10. Be3 Qa5 11. O-O Ng4 12. Bc1 Nd4 13. Qd1 Qh5 14. h3 Nxf3+
15. Qxf3 Bd4+ 16. Kh1 Qh4 17. Nd1 Bd7 18. Bd2 Rac8 19. Be1 Qh5 20. Bc3 Bxc3 21.
Nxc3 Nf6 22. Qg3 Qc5 23. Rae1 Qd4 24. Rd1 e5 25. Qh4 Kg7 26. Be2 Qb6 27. fxe5
Ne8 28. b3 Qa5 29. Qg3 1-0

[Event "C.to Europeo U18"]
[Site "Herceg Novi MNE"]
[Date "2008.09.19"]
[Round "5"]
[White "Bojchev, Marian"]
[Black "Dvirnyy, Danyyil"]
[Result "1/2-1/2"]
[WhiteElo "2406"]
[BlackElo "2358"]
[PlyCount "30"]
[EventDate "2008.09.15"]

1. d4 Nf6 2. c4 e6 3. Nf3 c5 4. d5 b5 5. dxe6 fxe6 6. cxb5 d5 7. Nbd2 Qa5 8. e4
Nxe4 9. Bd3 Nf6 10. Ng5 Bd6 11. Nxh7 Nbd7 12. Nxf6+ Nxf6 13. g3 e5 14. O-O Bh3
15. Re1 O-O 1/2-1/2

[Event "C.to Europeo U18"]
[Site "Herceg Novi MNE"]
[Date "2008.09.23"]
[Round "8"]
[White "Dvirnyy, Danyyil"]
[Black "Tereick, Benjamin"]
[Result "1/2-1/2"]
[WhiteElo "2358"]
[BlackElo "2382"]
[PlyCount "45"]
[EventDate "2008.09.15"]

1. e4 e6 2. d4 d5 3. Nc3 Nf6 4. Bg5 dxe4 5. Nxe4 Be7 6. Bxf6 gxf6 7. g3 f5 8.
Nc3 Bf6 9. Nge2 Nc6 10. d5 exd5 11. Qxd5 Be6 12. Qc5 Qe7 13. Qxe7+ Kxe7 14.
O-O-O Ne5 15. Bg2 c6 16. h3 h5 17. Rhe1 h4 18. Nd4 hxg3 19. fxg3 Rag8 20. Nce2
f4 21. Nxf4 Rxg3 22. Kb1 Rh4 23. Nfxe6 1/2-1/2

[Event "C.to Europeo U18"]
[Site "Herceg Novi MNE"]
[Date "2008.09.24"]
[Round "9"]
[White "Dvirnyy, Danyyil"]
[Black "Martinovic, Sasa"]
[Result "0-1"]
[WhiteElo "2358"]
[BlackElo "2395"]
[PlyCount "96"]
[EventDate "2008.09.15"]

1. e4 c5 2. Nf3 Nc6 3. d4 cxd4 4. Nxd4 Nf6 5. Nc3 d6 6. Bc4 Qb6 7. Nxc6 bxc6 8.
O-O g6 9. Qe1 Qc7 10. b3 Bg7 11. Bb2 O-O 12. Rd1 Ng4 13. f4 d5 14. exd5 cxd5
15. Bxd5 Ba6 16. Bxa8 Bxf1 17. Bf3 Qc5+ 18. Kxf1 Bxc3 19. Bxc3 Ne3+ 20. Ke2
Nxd1 21. Kxd1 Rc8 22. Bd2 Qxc2+ 23. Ke2 Qxa2 24. b4 h5 25. Be4 Rd8 26. Qc1 Qe6
27. Qc6 Rd6 28. Qa8+ Kh7 29. Be3 Qc4+ 30. Kf2 Qxb4 31. Bf3 a5 32. Qa7 a4 33.
Kg3 Rf6 34. Bd4 Qe1+ 35. Bf2 h4+ 36. Kh3 Qe6+ 37. Bg4 Qb3+ 38. Be3 a3 39. Qxe7
Qc3 40. Qc5 Qxc5 41. Bxc5 a2 42. Bd4 Rxf4 43. Be5 f5 44. Bf3 g5 45. Bd5 Rf2 46.
Bf7 Kh6 47. g4 fxg4+ 48. Kxg4 Rxf7 0-1

[Event "VIII Festival Piemonte Scacchi"]
[Site "Torino ITA"]
[Date "2008.09.19"]
[Round "1"]
[White "Barcellona, Antonino"]
[Black "Lombardi, Mariano"]
[Result "0-1"]
[WhiteElo "1498"]
[BlackElo "1928"]
[PlyCount "78"]
[EventDate "2008.09.19"]

1. e4 c5 2. Nf3 d6 3. d4 cxd4 4. Nxd4 Nf6 5. Nc3 g6 6. Bc4 Bg7 7. O-O O-O 8. a3
Nc6 9. Nde2 Ne5 10. Ba2 a6 11. Kh1 Qc7 12. h3 Be6 13. Nd5 Bxd5 14. exd5 Rac8
15. f4 Nc4 16. Ng3 Qc5 17. b3 Nxa3 18. c4 b5 19. f5 bxc4 20. bxc4 Nxc4 21. Bxc4
Qxc4 22. Bg5 Ne4 23. Nxe4 Qxe4 24. Rxa6 Rc3 25. Ra4 Qe5 26. Raf4 Rfc8 27. R4f2
R3c5 28. Re1 Qg3 29. Be3 Be5 30. Kg1 Rc3 31. Rf3 Qh2+ 32. Kf1 Rc2 33. Re2 Qh1+
34. Bg1 Rc1 35. Re1 Rxd1 36. Rxd1 Bh2 37. Ke2 Qxg2+ 38. Bf2 Rc2+ 39. Ke3 Rc3+
0-1

[Event "VIII Festival Piemonte Scacchi"]
[Site "Torino ITA"]
[Date "2008.09.19"]
[Round "1"]
[White "Birens, Eric-Andre'"]
[Black "Figari, Andrea"]
[Result "1-0"]
[WhiteElo "2054"]
[BlackElo "1581"]
[PlyCount "52"]
[EventDate "2008.09.19"]

1. d4 d5 2. c4 c6 3. Nf3 Nf6 4. Nc3 e6 5. cxd5 cxd5 6. Bf4 Be7 7. e3 O-O 8. Bd3
Nc6 9. Rc1 a6 10. O-O Nh5 11. Bg3 Nxg3 12. fxg3 f5 13. Ne2 Bd7 14. Ne5 Nxe5 15.
dxe5 Rc8 16. Qb3 Rxc1 17. Rxc1 Qb8 18. h4 Rc8 19. Rc3 Bc5 20. Bxf5 g6 21. Bg4
Ba7 22. Bf3 Rxc3 23. Qxc3 Qc8 24. Qxc8+ Bxc8 25. Nd4 Kf7 26. g4 h6 1-0

[Event "VIII Festival Piemonte Scacchi"]
[Site "Torino ITA"]
[Date "2008.09.19"]
[Round "1"]
[White "Cacinschi, Alexandru"]
[Black "Portaro, Gaetano"]
[Result "1-0"]
[WhiteElo "1939"]
[BlackElo "1503"]
[PlyCount "97"]
[EventDate "2008.09.19"]

1. c4 Nc6 2. d4 e5 3. d5 Nce7 4. Nc3 Ng6 5. e4 d6 6. g3 Nf6 7. Bg2 b6 8. Nge2
Be7 9. h4 Nh5 10. Be3 O-O 11. Nc1 Nf6 12. h5 Nh8 13. Nd3 Ng4 14. Bd2 Bg5 15.
Bh3 Bxd2+ 16. Qxd2 Nh6 17. Bxc8 Qxc8 18. O-O-O a5 19. f4 f6 20. g4 Qxg4 21.
Rdg1 Qd7 22. fxe5 fxe5 23. Qxh6 Rf7 24. Qe6 Re8 25. Qxd7 Rxd7 26. Rf1 Nf7 27.
Ne1 Nh6 28. Nf3 Ng4 29. Kd2 h6 30. Nh4 Nf6 31. Nf5 Rf8 32. Kd3 Rff7 33. Nd1 Nh7
34. Nf2 Nf6 35. Rfg1 Kh7 36. Ng4 Ng8 37. a3 a4 38. Kc3 Rd8 39. Kb4 Ra8 40. Rf1
Ra5 41. Nfe3 Rd7 42. Nd1 c5+ 43. dxc6 Rc7 44. Nc3 Raa7 45. Rd1 Ne7 46. Rxd6 Nc8
47. Rd7 Rxc6 48. Rg1 Ne7 49. Nf6+ 1-0

[Event "VIII Festival Piemonte Scacchi"]
[Site "Torino ITA"]
[Date "2008.09.19"]
[Round "1"]
[White "Canale, Claudio"]
[Black "Labarthe, Arnaud"]
[Result "0-1"]
[WhiteElo "1488"]
[BlackElo "1899"]
[PlyCount "66"]
[EventDate "2008.09.19"]

1. d4 d5 2. Bf4 c5 3. c3 Nc6 4. Nf3 e6 5. Nbd2 Nf6 6. h3 Bd6 7. Bxd6 Qxd6 8. e3
O-O 9. Be2 b6 10. O-O Bb7 11. Rc1 Ne4 12. Bd3 f5 13. Bb1 Rac8 14. Nxe4 fxe4 15.
Nh2 Ba6 16. Re1 Rxf2 17. Qg4 Rcf8 18. Rc2 Rxc2 19. Bxc2 cxd4 20. exd4 Rf4 21.
Qg3 Qf8 22. Bb1 e5 23. Qe3 exd4 24. cxd4 Qf6 25. Rd1 h5 26. a3 Ne7 27. g3 Rf5
28. h4 Qg6 29. Rd2 Rf8 30. Rf2 Nf5 31. Qf4 Qxg3+ 32. Qxg3 Nxg3 33. Rxf8+ Kxf8
0-1

[Event "VIII Festival Piemonte Scacchi"]
[Site "Torino ITA"]
[Date "2008.09.19"]
[Round "1"]
[White "Castaldo, Folco"]
[Black "Guzzetti, Luigi Enrico"]
[Result "1-0"]
[WhiteElo "2387"]
[BlackElo "1739"]
[PlyCount "79"]
[EventDate "2008.09.19"]

1. d4 Nf6 2. c4 g6 3. Nc3 Bg7 4. Nf3 d6 5. Bf4 O-O 6. h3 Nbd7 7. e3 c5 8. d5 a6
9. Bd3 Qc7 10. O-O Rb8 11. Bh2 b5 12. cxb5 c4 13. Be2 axb5 14. Rc1 Nc5 15. b4
Nce4 16. Nxe4 Nxe4 17. Nd4 Bd7 18. Bf3 Ng5 19. Bg4 f5 20. Be2 Ra8 21. Rc2 Ra4
22. Bf4 Nf7 23. Ne6 Bxe6 24. dxe6 Ne5 25. Bxe5 Bxe5 26. Rxc4 Qb6 27. Qc2 Rfa8
28. Rc8+ Rxc8 29. Qxc8+ Kg7 30. Qe8 Bf6 31. Qf7+ Kh6 32. Qf8+ Bg7 33. Qxe7 Rxb4
34. h4 Be5 35. Qf8+ Bg7 36. e7 Rxh4 37. e8=Q Bxf8 38. Qxf8+ Kg5 39. f4+ Rxf4
40. Qe7+ 1-0

[Event "VIII Festival Piemonte Scacchi"]
[Site "Torino ITA"]
[Date "2008.09.19"]
[Round "1"]
[White "Colamartino, Gianfranco"]
[Black "Paoli, Mario"]
[Result "0-1"]
[WhiteElo "1404"]
[BlackElo "1742"]
[PlyCount "42"]
[EventDate "2008.09.19"]

1. e4 e5 2. Nf3 d6 3. d4 exd4 4. Nxd4 Nf6 5. Nc3 Be7 6. Bf4 O-O 7. Qd2 a6 8.
O-O-O b5 9. f3 Bb7 10. Nf5 Nbd7 11. Qf2 Nh5 12. Nxe7+ Qxe7 13. Be3 f5 14. exf5
Rxf5 15. Bd3 Rf7 16. g4 Rxf3 17. Qg2 Qxe3+ 18. Kb1 Nf4 19. Rhe1 Nxg2 20. Rxe3
Nxe3 21. Ne4 Nxd1 0-1

[Event "VIII Festival Piemonte Scacchi"]
[Site "Torino ITA"]
[Date "2008.09.19"]
[Round "1"]
[White "Di Stefano, Marco T."]
[Black "Moncelli, Giorgio"]
[Result "0-1"]
[WhiteElo "1605"]
[BlackElo "2105"]
[PlyCount "44"]
[EventDate "2008.09.19"]

1. e4 e5 2. Bc4 Nf6 3. Nc3 Nxe4 4. Qh5 Nd6 5. Bb3 Nc6 6. Nb5 g6 7. Qf3 f5 8.
Qd5 Qf6 9. Nxc7+ Kd8 10. Nxa8 b6 11. d3 Bb7 12. h4 h6 13. Qf3 Nd4 14. Qg3 Bxa8
15. Bd2 Bg7 16. c3 Nc6 17. Bd5 f4 18. Qg4 Nf5 19. Ne2 Nfe7 20. Bf3 d5 21. O-O
Bb7 22. Rad1 Bc8 0-1